LEADER 01077nam2-2200337---450- 001 990003452420203316 005 20101011143958.0 010 $a88-14-15386-8 035 $a000345242 035 $aUSA01000345242 035 $a(ALEPH)000345242USA01 035 $a000345242 100 $a20101011d2010----km-y0itay50------ba 101 $aita 102 $aIT 105 $a||||||||001yy 200 1 $a<<11. >> : <> bilancio socio-ambientale nei gruppi aziendali$fGruppo di Studio per il Bilancio Sociale, Associazione nazionale per la ricerca scientifica sul bilancio sociale 210 $aMilano$cGiuffrè$d2010 215 $a138 p.$d23 cm 461 1$1001000338953$12001 606 0 $aGruppi di società$xBilanci sociali 676 $a657.96 710 02$aGBS$0599692 801 0$aIT$bsalbc$gISBD 912 $a990003452420203316 951 $aXXXII.MISC. 28$b19398 E.C.$cXXXII.MISC.$d00283188 959 $aBK 969 $aECO 979 $aCHIARA$b90$c20101011$lUSA01$h1439 996 $aBilancio socio-ambientale nei gruppi aziendali$91109041 997 $aUNISA LEADER 01373nam0 22003011i 450 001 VAN0057075 005 20061220120000.0 010 $a88-87027-13-7 100 $a20061219d1998 |0itac50 ba 101 $aita$aFRE$aENG 102 $aIT 105 $a|||| ||||| 200 1 $aTesti, manoscritti, ipertesti$ecompatibilità informatica e letteratura medievale$eatti del Convegno internazionale, Firenze, Certosa del Galluzzo, 31 maggio-1 giugno 1996$fa cura di Lino Leonardi 210 $aTavarnuzze, Impruneta$cSISMEL edizioni del Galluzzo$d[1998] 215 $aVI, 209 p.$cill.$d25 cm. 410 1$1001VAN0050995$12001 $aMillennio medievale$1210 $a[Impruneta]$cSismel edizioni del Galluzzo.$v5 606 $aManoscritti$xSec. 6.-15.$xArchivi di dati$3VANC019901$2FI 606 $aIpertesto$xCongressi$x1996$3VANC019902$2FI 620 $dTavarnuzze$3VANL001237 676 $a025.0691$v21 702 1$aLeonardi$bLino$3VANV035242 712 $a*SISMEL$3VANV111003$4650 801 $aIT$bSOL$c20230728$gRICA 899 $aBIBLIOTECA DEL DIPARTIMENTO DI LETTERE E BENI CULTURALI$1IT-CE0103$2VAN07 912 $aVAN0057075 950 $aBIBLIOTECA DEL DIPARTIMENTO DI LETTERE E BENI CULTURALI$d07CONS D Firenze 1996 $e07DP 3078 20061219 996 $aTesti, manoscritti, ipertesti$9562982 997 $aUNICAMPANIA